Normal view
MARC view
- preparation عبدالله مصباح عبد القادر حمد,عبدالله عبد السلام بني حمدان،محمد حسان محمد المومني , Supervisor غازي الشقاح
Entry Personal Name
001 - CONTROL NUMBER
- control field: 6051
003 - CONTROL NUMBER IDENTIFIER
- control field: JO-AjAnu
005 - DATE AND TIME OF LATEST TRANSACTION
- control field: 20230606071301.0
008 - FIXED-LENGTH DATA ELEMENTS
- fixed length control field: 230606|| aca||aabn | a|a d
040 ## - CATALOGING SOURCE
- Original cataloging agency: JO-AjAnu
- Transcribing agency: JO-AjAnu
100 ## - HEADING--PERSONAL NAME
- Personal name: preparation عبدالله مصباح عبد القادر حمد,عبدالله عبد السلام بني حمدان،محمد حسان محمد المومني , Supervisor غازي الشقاح
670 ## - SOURCE DATA FOUND
- Source citation: Work cat.: (JO-AjAnu)3136: preparation عبدالله مصباح عبد القادر حمد,عبدالله عبد السلام بني حمدان،محمد حسان محمد المومني , Supervisor غازي الشقاح , author, Educational site for children autism and delayed linguistic therapy